000 01827nam a22003733i 4500
001 EBC31174663
003 MiAaPQ
005 20240514124103.0
007 cr cnu||||||||
008 240514s2024 xx o ||||0 eng d
020 _a9781399522632
_q(electronic bk.)
020 _z9781399522618
040 _aMiAaPQ
_beng
_cMiAaPQ
100 1 _aOddy, Niall.
_963533
245 1 0 _aWriting Europe in Renaissance France :
_bTravels in Reality and Imagination.
250 _a1st ed.
264 1 _aEdinburgh :
_bEdinburgh University Press,
_c2024.
264 4 _c©2024.
300 _a1 online resource (178 pages)
336 _aText
_btxt
_2rdacontent
337 _aComputermedien
_bc
_2rdamedia
338 _aOnline Resource
_bcr
_2rdacarrier
490 1 _aEdinburgh Critical Studies in Renaissance Culture Series
500 _aE-Book-ProQuest / Fernzugriff nach Registrierung möglich
505 0 _aCover -- Half Title -- Series Page -- Title Page -- Copyright -- Contents -- Acknowledgements -- Series Editors' Preface -- Introduction: Europe in Renaissance France -- 1. Bird's-Eye Views -- 2. Views from Brazil -- 3. Views from Constantinople -- 4. Views from Malta -- 5. Views from Geneva -- Conclusion: Writing Europe, Writing France -- Bibliography -- Index.
520 _aNo detailed description available for "Writing Europe in Renaissance France".
655 _aFernzugriff
_9230
655 4 _aElectronic books.
776 0 8 _iPrint version:
_aOddy, Niall
_tWriting Europe in Renaissance France
_dEdinburgh : Edinburgh University Press,c2024
_z9781399522618
830 0 _aEdinburgh Critical Studies in Renaissance Culture Series
_963534
856 4 0 _uhttps://ebookcentral.proquest.com/lib/maxweberstiftung-ebooks/detail.action?docID=31174663
_zVolltext
942 _cEB
999 _c71070
_d71070